Centroamérica y Panamá: una salida democrática por caminos distintos /

Trata sobre la crisis que ha afectado, paralelamente, a Centroamérica y Panamá en la década de los ochentas. Señala que el clima de inestabilidad de Panamá ha perjudicado el Tratado Torrijos-Carter, y que de esa crisis se aprovecha los Estados Unidos para aumentar su influencia en el área. Sin embar...

全面介紹

Guardado en:
書目詳細資料
主要作者: Rojas Aravena, Francisco
格式: Texto
主題:
標簽: 添加標簽
沒有標簽, 成為第一個標記此記錄!

MARC

LEADER 00000 a a2200000 04500
001 1722
003
040
100 |a Rojas Aravena, Francisco  
245 |a Centroamérica y Panamá:   |b una salida democrática por caminos distintos /  |c Francisco Rojas Aravena 
520 |a Trata sobre la crisis que ha afectado, paralelamente, a Centroamérica y Panamá en la década de los ochentas. Señala que el clima de inestabilidad de Panamá ha perjudicado el Tratado Torrijos-Carter, y que de esa crisis se aprovecha los Estados Unidos para aumentar su influencia en el área. Sin embargo, esa política estadounidense se ha visto frenada por el Plan de Paz, el cual se presenta como la solución a la crisis de la región. OB/eb  
650 |a POLITICA EXTERIOR  
650 |a PROBLEMAS POLITICOS  
650 |a PAZ  
650 |a CONDICIONES ECONOMICAS  
650 |a FUERZAS ARMADAS  
650 |a DEMOCRACIA  
650 |a INTERVENCION EXTRANJERA  
773 |g número 43; páginas 43-44  
999 |c 34927  |d 34927